| 000 | 00388nam a2200157Ia 4500 | ||
|---|---|---|---|
| 008 | 210716s1997 xx 000 0 und d | ||
| 020 | _a0673993981 | ||
| 041 | _aeng | ||
| 082 | _a338.433621 PHES | ||
| 100 | _aPhelps, Charles E. | ||
| 245 | _aHealth economics. | ||
| 250 | _a2 | ||
| 260 |
_aNew York _bAddison Wesley Longman _c1997 |
||
| 300 | _axvi,685 | ||
| 650 | _aEntrepreneurship | ||
| 999 |
_c198593 _d198593 |
||